Quiz mathématique rapide, juste un petit quiz 15 - Statistiques

Statistiques générales
  • Ce quiz a été pris 111 fois
    108 depuis la dernière actualisation
  • Le résultat moyen est 14 sur 15
Statistiques - réponses
Hint Réponse % Correct
1 x 12 = 12
100%
2 x 12 = 24
99%
3 x 12 = 36
98%
4 x 12 = 48
98%
8 x 12 = 96
98%
5 x 12 = 60
97%
6 x 12 = 72
97%
7 x 12 = 84
97%
10 x 12 = 120
94%
11 x 12 = 132
94%
9 x 12 = 108
93%
12 x 12 = 144
92%
13 x 12 = 156
91%
14 x 12 = 168
86%
15 x 12 = 180
84%
Aucun quiz correspondant
Distribution des résultats
% des personnes avec chaque résultat
Percentile par nombre de réponses
Votre historique - résultats
Vous n’avez pas pris ce quiz depuis la dernière actualisation